[Event "RUS-chT 11th"]
[Site "Sochi"]
[Date "2004.04.26"]
[Round "7.3"]
[White "Makarov, Marat"]
[Black "Riazantsev, Alexander"]
[Result "0-1"]
[WhiteElo "2531"]
[BlackElo "2556"]
[Annotator "Ribli,Z"]
[PlyCount "88"]
[EventDate "2004.04.20"]
[EventType "team-tourn"]
[EventRounds "9"]
[EventCountry "RUS"]
[SourceTitle "EXT 2020"]
[Source "ChessBase"]
[SourceDate "2019.10.17"]
[SourceVersion "1"]
[SourceVersionDate "2019.10.17"]
[SourceQuality "1"]
[WhiteTeam "Togliatti Lada"]
[BlackTeam "Nizhny Tagil Politekhnik"]
[WhiteTeamCountry "RUS"]
[BlackTeamCountry "RUS"]

1. Nf3 Nf6 2. c4 e6 3. g3 d5 4. Bg2 dxc4 5. Qc2 {Statt dieser Fortsetzung
spielt Weiß gewöhnlich 5.Qa4+ und nach 5...Nbd7 6.Qxc4 bekommen wir unsere
Partiefortsetzung.} Nbd7 6. Qxc4 a6 (6... c5) 7. Qb3 (7. Qc2) 7... c5 8. d3 Bd6
9. a4 {Mit diesem Zug verhindert Weiß die Möglichkeit b7-b5 und außerdem kann
er den schwarzen Damenflügel mit a4-a5 festlegen.} Rb8 (9... Bc7 10. Bd2 Ba5
11. O-O Rb8 12. Bxa5 Qxa5 13. Nbd2 b5 14. axb5 Qxb5 15. Ra3 O-O 16. Rb1 Qxb3
17. Nxb3 Bb7 18. Nfd2 $14 {1-0 Stangl,M-Liang Jinrong/Lippstadt 1997 (39)}) 10.
a5 O-O (10... Bc7 11. Bd2 (11. Qa4 O-O 12. Nbd2 Nd5 13. O-O Qe7 14. Nc4 h6 15.
Bd2 Rd8 16. Qb3 e5 17. Bc3 Nxc3 18. bxc3 Nf6 19. Nfd2 Be6 20. Qc2 Bd7 21. Rfb1
Bc6 22. Ne3 h5 23. Ne4 Ng4 24. Qc1 {1/2-1/2 Badea,B-Polak,T/Istanbul 2000/EXT
2001 (24)}) 11... O-O 12. O-O Nd5 (12... Re8 13. Rc1 b5 14. axb6 Bxb6 15. Qc2
Bb7 16. Na3 h6 17. Nc4 {1/2-1/2 Chuchelov,V-Bauer,C/Mondariz 2000/CBM 79 (42)})
(12... h6 13. Rc1 Re8 14. Qc4 Bd6 15. Na3 Bf8 16. Qc2 Nd5 17. Nc4 {1-0 Sorokin,
M-Sabjanov,R/Nizhnij Novgorod 1998/EXT 2000 (36)}) 13. Qa3 {Weiß muss den
a5-Bauern verteidigen, sonst kann er nicht Nc3 ziehen.} Bd6 {[%cal Gd6a3]} 14.
Nc3 $14 {[%csl Ga5,Rc8] Weiß hat Raumvorteil am Damenflügel, während Schwarz
noch mit Entwicklungsproblemen seines Damenläufer kämpft.} N7f6 15. e4 Nxc3 16.
Bxc3 {[%csl Gc3]} (16. bxc3 e5 $11) 16... Ne8 $5 {[%cal Ge8c7,Gc7b5] Schwarz
vermeidet das Gabelmotiv 17.e4-e5. Der Springer strebt nach b5.} 17. Be5 $1 $14
{1/2-1/2 Horvath,C-Gyimesi,Z/Lillafured 1999/CBM 70/[Ribli] (67)}) 11. O-O (11.
Nbd2 b5 12. axb6 Nxb6 13. O-O Qc7 14. Qc2 Bb7 15. b3 Nbd5 16. Nc4 Be7 17. Bb2
Nd7 18. Rfc1 $14 {1-0 Pelletier,Y-Lindinger,M/Hamburg 1998/CBM 64 ext (28)})
11... b5 (11... h6 12. Bd2 Re8 $6 {Das ist überflüssig. Es wäre besser, wie
später in der Partie, 12...b5 zu ziehen.} (12... b5 13. axb6 Nxb6 $14) 13. Na3
e5 14. Nc4 $14 {[%csl Yb6,Gc4,Rc8,Gg2] Mit dem Springer von c4 übt der Weiße
unangenehmen positionellen Druck aus.} Bc7 15. Rfd1 Qe7 (15... e4 16. dxe4 Nxe4
17. Bf4 Bxf4 18. gxf4 $16 {[%csl Ga5,Gc4,Rc8][%cal Gd1d8] Weiß beherrscht das
Brett und seine Doppelbauern in der f-Linie sind nicht schlecht.}) 16. Nh4 {
[%csl Yf5][%cal Gh4f5] 1-0 Lputian,S-Piket,J/Sarajevo 1998/CBM 66/[Ribli] (34)}
) 12. axb6 Nxb6 13. Nc3 Nbd5 (13... h6 14. Nd2 Nbd5 15. Qd1 $16 {Suba,M-Lalic,
B/Debrecen 1992/1/2-1/2 (67)}) (13... Nfd5 14. Ne4 Be7 15. Bd2 Bd7 16. Ba5 Qc8
17. Rfc1 f5 18. Nxc5 Bxc5 19. d4 Na4 20. Qd1 Nxb2 21. Qd2 {1-0 Suba,
M-Rodriguez Vargas,O/Ponferrada 1992/EXT 2000 (42)}) 14. Qa4 $14 {Weiß hat die
bessere Bauernstruktur, denn er hat theoretisch nur eine Schwächung (der b2P),
wärend Schwarz zwei hat (a6P und c5P).} (14. Qd1 $14) 14... Bb7 15. Nd2 {
[%cal Gd2c4,Gc4a5]} Be5 {Zwar hat Schwarz einige Bauernschwächen am
Damenflügel, aber er hat lebendiges Figurenspiel.} (15... Nxc3 $6 {Dieser
schlechte Zug wäre eine große Hilfe für Weiß.} 16. bxc3 $16 {Jetzt hat Weiß
eine große gemeinsame Bauernmasse, während die schwarzen Bauern am Damenflügel
schwach sind.}) 16. Ra3 Nb6 17. Qc2 Nfd5 18. Nce4 {Der weiße Zielpunkt ist der
c5P.} Rc8 19. Qb1 (19. Nxc5 Qe7 (19... Bd4 $2 20. Nxb7 Rxc2 21. Nxd8 Rxd8 22.
Rxa6 $16) (19... Nb4 20. Qb3 Bxg2 21. Kxg2 Rxc5 22. Qxb4 Rb5 23. Qe4 $14) 20.
Ndb3 Nd7 21. d4 (21. Ra5 Bc7 22. Ra4 Bd6 23. d4 Nxc5 24. Nxc5 Bxc5 25. dxc5
Rxc5 $11) 21... Bxd4 22. Nxd4 Nxc5 $11) 19... g6 $6 {Schwarz möchte, wenn
möglich, seinen e5-Läufer auf g7 platzieren. Aber der Textzug schwächt die
schwarze Königsstellung.} (19... f5 $5 20. Nc3 Bb8 $11) 20. Nb3 Qe7 21. Na5 (
21. Bh6 $14) 21... Ba8 22. Nd2 (22. Bh6 $14) (22. Bg5 $14) 22... Bg7 23. Nac4
Nxc4 24. Nxc4 {[%csl Gc4] Weiß hat eine ausgezeichnete Springerstellung auf c4.
} Bb7 25. Bd2 {Endlich kann Weiß seinen dunkelfarbigen Läufer ins Spiel
bringen.} h5 26. h4 Bf6 27. Qc1 {[%cal Gd2g5,Gg5h6] Weiß bereitet entweder 28.
Bg5 oder 27.Bh6 vor.} (27. Rc1 $14) 27... Qc7 28. Bh6 (28. Bg5 Bg7) 28... Rfe8
(28... Bg7 $6 29. Bxg7 Kxg7 30. Qd2 $16 {[%cal Gf1a1]}) 29. Qd2 Bd4 $5 {
Auf diese Weise provoziert Schwarz den Zug 30.e3.} 30. e3 {Weiß verjagt den
Läufer von d4, aber der Textzug schwächt die weiße Bauernstellung.} Bh8 31. e4
$6 {[%mdl 16384] Dieser Zug gefällt mir nicht - Weiß verjagt den Springer von
d5, aber das d4-Feld wird ein ewiges positionelles Loch in der weißen Stellung
sein.} (31. Rc1 $14) 31... Nb6 $132 {[%csl Yd4]} 32. Rc1 Nxc4 33. Rxc4 Qb6 34.
Qc2 (34. b4 $1 cxb4 35. Rxb4 Qc7 36. d4 $13) 34... Bd4 $1 {[%csl Gd4]} 35. Rb3
(35. Be3 $5) 35... Qc7 36. Bf4 (36. Be3 $5) 36... Qd7 37. Rb6 $2 (37. Be3)
37... Bc6 $15 {[%cal Gc6b5]} 38. e5 {Dieser Zug ist schlecht, aber ich sehe
schon keine gute Möglichkeit für Weiß.} (38. Rxa6 $2 e5 $17 {[%cal Rc6b5,Rb5a6,
Rb5c4] Dann hängt der f4B und im nächsten Zug kann Schwarz mit 39...Bb5 die
Qualität gewinnen.} (38... Bb5 39. Rd6 Qb7 (39... Qe7 40. Rdxd4 $18) 40. e5 Qb8
41. Rc3 Bxc3 42. bxc3 $44)) 38... Bxg2 39. Kxg2 Rb8 $17 {[%csl Rb2] Schwarz
gewinnt einen Bauern, Weiß kann das materielle Gleichgewicht nicht mehr halten.
} 40. Rxb8 (40. Rd6 Qb7+ $17) 40... Rxb8 41. Bc1 (41. b3 Qb7+ $19 {[%cal Rb7b3,
Rb7g2]}) 41... Qd5+ 42. Kh2 Qf3 $19 {[%csl Gd4,Rf2,Gf3,Rh2][%cal Gb8b2]} (42...
Qxe5 $4 43. Bf4) (42... Bxe5 43. Rxc5 Qd4 $15) 43. Rxc5 Rxb2 $1 {[%mdl 64]
Elegant gespielt! Statt Material zu gewinnen opfert Schwarz den Turm.} (43...
Bxc5 44. Qxc5 Qxd3 $19) 44. Rc8+ Kh7 (44... Kh7 45. Bxb2 Bxf2 $19) 0-1

[Event "Dubai op 6th"]
[Site "Dubai"]
[Date "2004.04.22"]
[Round "4"]
[White "Miroshnichenko, Evgenij"]
[Black "Kruppa, Yuri"]
[Result "0-1"]
[WhiteElo "2599"]
[BlackElo "2533"]
[Annotator "Ribli,Z"]
[PlyCount "38"]
[EventDate "2004.04.19"]
[EventType "swiss"]
[EventRounds "9"]
[EventCountry "UAE"]
[SourceTitle "CBM 101"]
[Source "ChessBase"]
[SourceDate "2004.07.27"]
[SourceVersion "1"]
[SourceVersionDate "2004.07.27"]
[SourceQuality "1"]

1. Nf3 d5 2. c4 e6 3. g3 dxc4 {Das ist die genaueste Fortsetzung für Schwarz -
er nimmt sofort den c4-Bauern, die Entwicklung des Königsflügels kann warten.}
(3... Nf6) 4. Bg2 {Weiß gewinnt den c4-Bauern noch nicht zurück, zuerst
entwickelt er seinen Königsläufer. Die Alternative 4.Qa4+ scheint mir sicherer,
Weiß gewinnt auf jeden Fall den c4-Bauern zurück.} (4. Qa4+ c6 (4... Nd7 5. Bg2
a6 6. Qxc4 b5 7. Qc2 Bb7 8. a4 c5 $11) 5. Qxc4 b5 6. Qc2 Bb7 7. Bg2 Nf6) 4...
c6 5. Qc2 b5 $5 {5...Nf6 6.Qxc4 b5 wäre auch möglich, aber mit dem Textzug
möchte Schwarz mehr als nur Ausgleich.} 6. O-O Bb7 7. a4 Na6 $5 {[%cal Ga6b4,
Ga6c5][%mdl 4] Dieser logische Springerzug ist eine theoretische Neurung. Der
schwarze Springer kann entweder nach b4 oder nach c5 springen, während es
schwer zu sehen ist, wo die weiße Kompensation für den geopferten Bauern ist.}
(7... Nf6 8. Rd1 Na6 $5 9. b3 cxb3 10. Qb2 Qb6 11. a5 Qc7 12. Qxb3 Bb4 13. d4
O-O 14. Bf4 Qe7 15. Ne5 Nd5 {0-1 Szczepaniec,S-Popov,V/Koszalin 1999/EXT 2000 
(37)}) 8. b3 {Das ist eine typische Spielweise in solchen Stellungen - Weiß
möchte den c4-Bauern tauschen und sich ein Zentrumsübergewicht verschaffen.}
cxb3 9. Qxb3 Nc5 10. Qb2 Qb6 $15 {Jetzt droht schon 11...Nxa4. Schwarz hat
einen Bauern mehr und ich sehe keine ausreichende Kompensation.} (10... Nxa4 $2
11. Rxa4 bxa4 12. Qxb7 $16) (10... a6 $15) 11. a5 Qa6 {Die schwarze Dame steht
etwa passiv auf a6, aber es droht 12...Na4.} (11... Qc7 $15) 12. d4 Na4 13. Qc2
Nf6 {Schwarz muss die Entwicklung beenden, der a5P ist nicht so wichtig.} (
13... Qxa5 14. Ne5 $132) 14. Ne5 Rc8 15. Nd2 Be7 (15... c5 $5 $17) 16. Ne4 (16.
Nb3 c5 $17) 16... c5 $1 $17 {[%cal Gc8c2][%mdl 2048] Mit diesem Zug öffnet
Schwarz die Diagonale des b7-Läufers und die c-Linie für den Rc8.} (16... Nxe4
17. Qxe4 Qxa5 18. Qg4 $132) 17. dxc5 Nxe4 18. c6 (18. Bxe4 Rxc5 19. Bxb7 Qxb7
20. Qb1 Nc3 $19 (20... Rxe5 21. Rxa4 Rxe2 $19)) 18... Bxc6 $19 (18... Nd6 19.
cxb7 Rxc2 20. b8=Q+ Rc8 21. Bc6+ Kf8 $19) 19. Nxc6 (19. Bxe4 Bd5 20. Qd3 (20.
Qd2 Bxe4 21. Rxa4 bxa4 22. Qd7+ Kf8 23. Ba3 Qb7 24. Bxe7+ Kg8 $19) 20... Nc5
21. Qf3 Bf6 $19) 19... f5 {[%csl Rc6][%cal Rc8c2]} 0-1

[Event "Hastings 9495"]
[Site "Hastings"]
[Date "1994.??.??"]
[Round "3"]
[White "Sher, Miron Naumovich"]
[Black "Maric, Alisa"]
[Result "1/2-1/2"]
[WhiteElo "2520"]
[BlackElo "2400"]
[Annotator "Ribli,Z"]
[PlyCount "204"]
[EventDate "1994.12.??"]
[EventType "tourn"]
[EventRounds "9"]
[EventCountry "ENG"]
[EventCategory "9"]
[SourceTitle "CBM 045"]
[Source "ChessBase"]
[SourceDate "1995.04.01"]
[SourceVersion "1"]
[SourceVersionDate "1995.04.01"]
[SourceQuality "1"]

1. c4 Nf6 2. g3 e6 3. Bg2 d5 4. Nf3 dxc4 5. Qa4+ Nbd7 6. Qxc4 c5 7. d3 Bd6 8.
Qb3 (8. O-O $5 O-O 9. Nc3 a6 (9... Nb6 10. Qb3 h6 11. Nd2 Be7 12. a3 Nfd5 13.
Nc4 Nxc4 14. Qxc4 Nb6 15. Qb3 a5 16. Be3 $14 {Sherbakov,R-Aleksandrov,A/
URS-ch58 1991}) 10. Ng5 (10. Qb3 $5) 10... Qc7 11. Be3 Ne5 12. Qb3 c4 13. dxc4
Nxc4 14. Bd4 e5 15. Nd5 $1 $14 {Serper,G-Cifuentes Parada,R/ Tilburg 1992 (17)}
) (8. a4 $5) 8... Rb8 9. a4 b6 10. Nc3 (10. Na3 a6 11. Nc4 Bc7 12. O-O Bb7 13.
Bd2 O-O 14. Rfc1 Qe7 $5 15. Qd1 Rfc8 $10 {Portisch,L-Pinter,J/ Hun-chT 1993})
10... a6 11. Nd2 (11. Ng5 $5 Bb7 12. Bxb7 Rxb7 13. O-O h6 14. Nge4 Be7 15. Rd1
O-O 16. Bf4 $14 {Krasenkow,M-Kiselev,S/ Belgorod 1990}) (11. O-O Bb7 12. Rd1
O-O 13. d4 Qe7 14. Bg5 h6 15. Bxf6 Nxf6 16. e3 Rfd8 $10 {Kortschnoj,
V-Cifuentes Parada,R/ Polanica Zdroj 1992}) 11... Bb7 12. Bxb7 Rxb7 13. O-O O-O
14. Nc4 Bb8 (14... Bc7 $4 15. Na5 $18) 15. Rd1 Qc8 16. Bg5 Qc6 17. Rac1 Bc7 18.
Bxf6 Nxf6 19. Nd2 Rd8 20. Nce4 (20. Qc4 $5 b5 21. axb5 axb5 22. Qb3 {/\ Nce4
>< c5}) 20... Nxe4 21. Nxe4 Be5 $5 22. Qc2 Qd5 23. b3 f5 24. Ng5 Bf6 25. Nf3
Rbd7 26. Qc4 Qxc4 27. bxc4 e5 28. Rb1 e4 29. Ne1 Rd6 30. Rb3 Re8 31. Kf1 Bg5
32. e3 Bf6 33. Rdb1 Ree6 34. Ke2 Kf7 35. h4 Ke8 36. Ra3 Kd7 37. Kd2 Kc7 38.
Rab3 Rd7 39. Ke2 Red6 40. Rd1 Rd8 41. Rd2 Be5 42. Ra2 Rb8 43. Rd2 Rbd8 44. Rd1
R8d7 45. Nc2 Kc6 46. Ne1 Kc7 47. Rc1 Bf6 48. Rcb1 Be5 49. Rd1 Rd8 50. Rd2 R8d7
51. Ra2 Rd8 52. Raa3 Bf6 53. Rb1 Be5 54. Rbb3 Bf6 55. Ra2 Be5 56. Rd2 Bf6 57.
Nc2 R8d7 58. Rd1 Rd8 59. f4 $2 (59. Ne1 $10) 59... exf3+ 60. Kxf3 Be5 $1 61.
Rd2 Rg6 62. Rg2 Rdd6 $1 63. e4 (63. Kf2 Rg4 64. Ne1 Rdg6 $19) 63... fxe4+ 64.
dxe4 (64. Kxe4 Bxg3 $19) 64... Rdf6+ 65. Ke2 Rg4 66. Ne3 (66. Re3 Bd4 67. Nxd4
cxd4 $19) 66... Rxe4 67. Kd3 Rd4+ 68. Kc2 Kc6 69. Kb1 Rf3 70. Rgb2 Bc7 71. g4
Re4 72. Re2 Rh3 (72... Bf4 $2 73. Rxb6+ $1 Kxb6 74. Nd5+ Ka5 75. Rxe4 $15) 73.
h5 Rxg4 (73... Rg3 $5 $19) 74. Rxb6+ Kxb6 75. Nxg4 Rxh5 76. Ne3 Kc6 77. Kc2 Rh3
(77... Rh2 $1 $19) 78. Nf5 g6 79. Ne7+ Kb7 80. Re6 Rf3 81. Nd5 Rf7 82. Kd3 g5
83. Nf6 Bd8 84. Ne4 Be7 85. a5 g4 86. Rb6+ Ka7 87. Rh6 Rg7 88. Ke2 Bd8 (88...
g3 89. Kf1 g2+ 90. Kg1 $15) 89. Kf1 Bxa5 90. Nxc5 Bb6 91. Ne6 Rf7+ 92. Kg2 Be3
93. Rh4 Re7 94. Nf8 Re4 95. Rxh7+ Ka8 96. Nd7 Rxc4 97. Ne5 Rc5 (97... Re4 98.
Nxg4 $1 Rxg4+ 99. Kf3 $10) 98. Nxg4 Bd4 99. Kf3 Rg5 100. Re7 Bb6 101. Kf4 Rc5
102. Nf6 Rc7 {Ribli} 1/2-1/2

[Event "Vidmar Memorial 12th "]
[Site "Portoroz"]
[Date "1997.07.07"]
[Round "3"]
[White "Mohr, Georg"]
[Black "Azmaiparashvili, Zurab"]
[Result "0-1"]
[WhiteElo "2480"]
[BlackElo "2645"]
[Annotator "Ribli,Z"]
[PlyCount "72"]
[EventDate "1997.07.05"]
[EventType "tourn"]
[EventRounds "9"]
[EventCountry "SLO"]
[EventCategory "15"]
[SourceTitle "CBM 061"]
[Source "ChessBase"]
[SourceDate "1997.11.23"]
[SourceVersion "1"]
[SourceVersionDate "1997.11.23"]
[SourceQuality "1"]

1. Nf3 Nf6 2. c4 e6 3. g3 d5 4. Bg2 dxc4 5. Qa4+ Nbd7 6. Qxc4 a6 {In der
letzten Zeit wurde öfters 6...c5 gespielt.} (6... c5 $5) 7. Qc2 (7. d3 b5 8.
Qc6 Rb8 9. Bf4 Nd5 10. Bg5 Be7 11. Bxe7 Qxe7 12. O-O Bb7 $10 {Salov,V-Timman,J/
Sanghi Nagar m/1994/CBM42/INF61,08}) (7. Qb3 $1 Rb8 (7... c5 8. a4 Qb6 9. Qxb6
Nxb6 10. a5 $14 {Petursson,M- Jonsson,B/Akureyri/1994/CBM40/ Weiß steht wegen
seiner besseren Bauernstruktur bequemer.}) 8. O-O c5 9. d4 cxd4 10. Bf4 Nc5 11.
Qc4 Bd6 12. Qxd4 Bxf4 13. Qxf4 Bd7 14. Nc3 O-O 15. Ne5 $14 {Sorokin,
M-Sveshnikov,E/RUS-ch Elista/1995/CBM50}) 7... c5 8. d3 (8. O-O b5 9. b3 Bb7
10. Bb2 Be7 11. d3 O-O 12. Nbd2 Qb6 13. Rac1 Rfd8 14. Qb1 Rac8 15. Qa1 Bf8 16.
Rc2 Qa7 17. Rfc1 Qa8 $11 {1-0 Shvidler,E-Lau,R/Munich zt 1987 (61)}) (8. Nc3 $1
Bd6 (8... Ra7 9. O-O b6 10. d4 Bb7 11. e4 cxd4 12. Nxd4 Bc5 13. Rd1 Qa8 14. Nb3
$14 {Ribli 1/2-1/2 Vaganian,R-Yusupov,A/Riga Tal 1995 (26)}) 9. O-O O-O 10. d4
h6 (10... Qc7 11. Rd1 h6 12. Be3 Ng4 13. Bd2 cxd4 14. Nxd4 Nb6 15. Rac1 e5 16.
Nf5 Bc5 17. Be1 Be6 18. Ne4 Bxf5 19. Qxc5 Qxc5 20. Nxc5 a5 21. Nxb7 {1-0
Schlosser,P-Van der Sterren,P/Munchen open 1991}) 11. Rd1 Qe7 12. a4 $1 Rb8 13.
a5 b5 14. axb6 Rxb6 15. Na4 Rb5 16. e4 e5 17. d5 Ne8 18. Nd2 Bc7 19. b3 Nd6 20.
Ba3 $16 {1-0 Berebora,F-Jaeckle,M/Berliner Sommer 1997 (41)}) 8... b6 {Schwarz
entwickelt seinen Läufer auf der großen Diagonalen und neutralisiert so den
gefährlichen "katalanischen" Läufer.Ribli.} 9. O-O (9. Ne5 $6 Nd5) (9. Nd4 $6
Nd5) 9... Bb7 10. b3 Be7 11. Bb2 O-O 12. Nbd2 Rc8 $11 {Weiß spielt eigentlich
eine sogenannte Igelstellung mit Mehrtempo, aber das hat keine Bedeutung.
Schwarz besitzt eine bequeme, ausgeglichene Stellung.Ribli.} (12... Nd5 13.
Rac1 Bf6 14. Nc4 Qc7 15. Bxf6 N5xf6 16. Qb2 Rac8 {1/2-1/2 Makarov,M-Sveshnikov,
E/URS-ch58 Moscow 1991/URS-ch/[Ribli]}) 13. Rac1 b5 14. Qb1 Qb6 15. Qa1 {
Die weiße Stellung ist solide, die beiden Diagonalen sind gut kontrolliert.
Andererseits hat Schwarz keine Schwäche.} Rfd8 {Schwarz bereitet den Plan Ne8,
Bf6 gegen die starkte weiße Batterie Qa1-Bb2 vor.} 16. Ne5 (16. Rc2 $5 Z0 $140
17. Rfc1 {kommt natürlich auch in Betracht.}) 16... Bxg2 17. Kxg2 Qb7+ 18. Ndf3
Nb6 $5 {Schwarz vermeidet weiteren Abtausch und bereitet die Vertreibung des
Ne5 durch f6-e5 vor.Ribli.} 19. h4 $6 {Dieser Zug gefällt mir nicht, weil Weiß
am Königsflügel keine Perspektiven hat.} (19. d4 c4 $15 {[%cal Gb7g2] Und
Schwarz hat starke Kontrolel auf den weißen Feldern.}) (19. Rc2 Nfd5 20. Ng4)
19... Nfd5 20. h5 (20. e4 Nb4 {[%csl Rd3]}) 20... f6 21. Ng4 e5 $15 {[%csl Rb2]
Jetzt hat der weiße Bb2 keine Zukunft.Ribli.} 22. h6 Qd7 23. Nfh2 (23. Ngh2
gxh6 $15 (23... g5 $5)) (23. Ne3 Nxe3+ 24. fxe3 Nd5 $17 {[%csl Re3]}) 23... c4
$1 {Schwarz spielt auf dem ganzen Brett. Da das weiße Spiel am Königsflügel
kaum gefährlich ist, kann er die Initiative am Damenflügel ergreifen.Ribli.}
24. dxc4 bxc4 25. Rfd1 {Die weiße Dame steht sehr passiv in der Ecke.Ribli.} {
[#]} c3 $17 {Aufgrund der taktischen Motive auf der großen Diagonale gewinnt
Schwarz Material.Ribli.} 26. Bxc3 (26. Rxc3 Rxc3 $1 (26... Nf4+ 27. gxf4 Qxd1
28. Qxd1 Rxd1 29. Rxc8+ Nxc8 30. fxe5 $15) 27. Bxc3 Qc6 $17) 26... Qc6 {
[%cal Rc6g2,Rc6c3]} 27. Nf3 Nxc3 28. Rxd8+ Bxd8 {Schwarz hat eine Figure mehr,
Weiß bekommt dafür keine Kompensation.} 29. hxg7 Qe6 (29... Kxg7 30. Ne3) 30.
Ngxe5 {Weiß hat zwar drei Bauern mehr, aber die schwarze Aktivität scheint
viel wichtiger.} (30. Rxc3 Rxc3 (30... Qxg4 $19) 31. Qxc3 Qxg4 $19) 30... Nbd5
31. e4 Nxe4 32. Rxc8 Qxc8 33. Qd4 Nec3 $19 (33... Ndc3 $19) 34. Nc4 Qe6 35. Qa7
{[#]} Nf4+ $1 {Eine hübsche Vereinfachung!} 36. Kg1 (36. gxf4 Qg4+ 37. Kf1 Qxf3
$19 {[%cal Rf3h1]}) 36... Nce2+ {Und Weiß gab angesichts des bevorstehenden
Matts auf.Ribli.} 0-1

[Event "Recklinghausen"]
[Site "Recklinghausen"]
[Date "1997.??.??"]
[Round "9"]
[White "Bischoff, Klaus"]
[Black "Halasz, Tamas"]
[Result "1-0"]
[WhiteElo "2535"]
[BlackElo "2385"]
[Annotator "Ribli,Z"]
[PlyCount "49"]
[EventDate "1997.07.??"]
[EventType "tourn"]
[EventRounds "9"]
[EventCountry "GER"]
[EventCategory "8"]
[SourceTitle "CBM 061"]
[Source "ChessBase"]
[SourceDate "1997.11.23"]
[SourceVersion "1"]
[SourceVersionDate "1997.11.23"]
[SourceQuality "1"]

1. c4 e6 2. Nf3 Nf6 3. g3 d5 4. Bg2 dxc4 5. Qa4+ Bd7 $6 {Dieser Läuferzug ist
nicht die beste Möglichkeit für Schwarz. In unserer Partie hat Schwarz immer
Probleme mit diesem Bc6.Ribli.} (5... Nbd7) 6. Qxc4 Bc6 (6... c5 7. Ne5 $1 Qb6
8. Nxd7 Nbxd7 9. Nc3 Rb8 $6 10. d3 Bd6 11. O-O O-O 12. Be3 Rfc8 13. Rab1 a6 14.
b4 $1 $14 {[%csl Rc5,Ge3][%cal Re3c5] Ribli,Z-Boensch,U/Munich 1990/1-0 (55)})
7. Qc2 (7. O-O Be7 8. Qc2 a5 9. Nc3 Na6 10. a3 Nc5 11. d4 Bxf3 12. Bxf3 Qxd4
13. Be3 Qc4 14. Bxc5 Qxc5 15. Bxb7 {Chernin,A-Robatsch,K/AUT-chT9495 1-0 (33)})
7... Nbd7 8. O-O Be7 (8... e5 9. Nc3 Bc5 10. d3 (10. a3 a5 11. Rb1 a4 12. Ng5
Bxg2 13. Kxg2 $14 {Karpov,A-Sunye,N Amsterdam 1985 40/18}) 10... O-O 11. e4 Re8
12. Be3 Qe7 13. Rac1 Rad8 14. Nh4 Qf8 15. Nf5 Bb6 16. a3 {Smyslov,V-Suetin,A/
URS-ch20 Moscow 1952/1-0 (59)}) (8... Bd6 9. Nc3 O-O 10. a3 Nc5 11. b4 Nce4 12.
Nd1 $14 {Gelfand,B-Polgar,Z/Munich 1991/1/2-1/2 (49)}) 9. Nc3 O-O 10. Rd1 e5 $6
{Dieser Zug gefällt mir nicht. In der Partie hat Schwarz nur Probleme mit
seinem e-Bauern.Ribli.} (10... Bxf3 11. Bxf3 c6 12. a3 $14 {Weiß hat zwar
Eröffnungsvorteil und das Läuferpaar, aber die schwarze Stellung ist
verteidigungsfähig.Ribli.}) 11. a3 $14 {Das sofortige 11.e4 wäre auch gut,
aber Weiß provoziert die Antwort 11...a5 - eine neue Schwächung am Damenflügel.
Ribli.} (11. d4 exd4 12. Nxd4 Bxg2 13. Kxg2 c6 14. Nf5 Re8 15. Bg5 Qc7 16. Bf4
Qa5 17. Bd6 Bf8 18. Rd2 $14 {[%csl Gd6,Gf5] Reti,R-Vidmar,M/London 1927/HCL 18/
1-0 (56)}) 11... a5 12. e4 {Meiner Meinung nach ist dieser Zug noch besser als
12.d4, weil der Nachziehende zunehmend Schwierigkeiten mit dem Bc6 bekommen
wird.} Bc5 (12... b6 $2 13. d4 exd4 14. Nxd4 Bb7 15. e5 $18) 13. d4 exd4 14.
Nxd4 Bxd4 15. Rxd4 {Weiß hat Übergewicht im Zentrum und das Läuferpaar. Das
große Problem von Schwarz ist sein schlechter Bc6.Ribli.} Qe7 (15... Re8) 16.
Bf4 Ne5 (16... Rac8 17. Rad1 $14 (17. Nd5 Bxd5 18. exd5 $14 {[%csl Rc7]}) (17.
e5 $2 Nxe5 18. Re1 Nf3+)) 17. Nd5 $16 Bxd5 (17... Nxd5 18. exd5 Bb5 19. Re4 f6
(19... Bd3 20. Qxd3 $18) 20. Rae1 $16) 18. exd5 Ne8 19. Re4 (19. Re1 $2 Nf3+
$17) 19... f6 20. Bxe5 fxe5 21. Rae1 {[%csl Re5]} Nf6 22. Rxe5 {Weiß gewinnt
einen Bauern und hat die bessere Stellung. Schwarz verfügt zu seinem Unglück
über kein Gegenspiel.Ribli.} Qd6 23. Re6 Rae8 (23... Qd7 24. Re7 (24. Qc5 $16)
24... Rae8 25. Rxd7 Rxe1+ 26. Bf1 Nxd7 27. Qxc7 $16) 24. Qc3 (24. Rxd6 Rxe1+
25. Bf1 cxd6 26. Qd2 {Das wäre auch vorteilhaft für Weiß, aber die
Partiefortsetzung ist besser.Ribli.}) 24... Rxe6 25. Rxe6 $18 {Und Schwarz gab
auf, da er einen zweiten Bauern verliert.} (25. Rxe6 Nxd5 26. Qxa5 Qxe6 27.
Bxd5 $18) 1-0

[Event "Altensteig"]
[Site "Altensteig"]
[Date "1991.??.??"]
[Round "8"]
[White "Stangl, Markus"]
[Black "Boensch, Uwe"]
[Result "1/2-1/2"]
[WhiteElo "2490"]
[BlackElo "2560"]
[Annotator "Ribli,Z"]
[PlyCount "110"]
[EventDate "1991.07.??"]
[EventType "tourn"]
[EventRounds "11"]
[EventCountry "GER"]
[EventCategory "11"]
[SourceTitle "CBM 025"]
[Source "ChessBase"]
[SourceDate "1991.12.01"]
[SourceVersion "1"]
[SourceVersionDate "1991.12.01"]
[SourceQuality "1"]

1. c4 e6 2. g3 d5 3. Bg2 dxc4 4. Qa4+ Nd7 5. Qxc4 a6 $5 6. Qb3 Ngf6 7. Nf3 Bd6
$5 8. O-O O-O 9. a4 Qe7 10. Nc3 h6 11. d4 c5 $1 12. e3 Rb8 13. a5 b5 14. axb6
Rxb6 15. Qc2 Bb7 $10 16. Nd2 Bxg2 17. Kxg2 cxd4 18. exd4 Rc8 19. Qd3 Bb4 20.
Nf3 a5 21. Bd2 Rbb8 22. Na4 Bxd2 23. Qxd2 Qb4 24. Qxb4 Rxb4 25. Ra2 Rc2 26. Ra3
Nd5 27. Kg1 N7f6 28. Nc5 Rb5 29. Nd3 Ne4 30. Rfa1 Nb4 31. Nfe1 Rd2 32. Rb3 Nd6
33. Ne5 Rxd4 $17 34. N1f3 Rdd5 35. Ng4 Nc4 36. Rc3 Nd2 37. Rc8+ Kh7 38. Ra3 f5
39. Nxd2 Rxd2 40. Ne3 Rxb2 41. Re8 Rd2 42. Nc4 Rdd5 43. Rxe6 Rbc5 44. Ne3 Rd2
45. Ra1 Nd3 46. Rd6 Ne5 47. Ra6 Nc6 48. h4 h5 49. Ra8 Rd8 50. Ra6 g6 51. Rb1
Rd7 52. Ra8 Nd4 53. Kg2 Ne6 54. Rb6 Re7 55. Rd6 Nc7 1/2-1/2